000 00649cam a22002531 4500
001 8692
003 BD-JhCC
005 20231030080143.0
008 761216s1957 nyua 000 0 eng
035 _a(BD-JhCC)8692
035 _a(OCoLC)2627724
040 _aDLC
_cOYU
_dDLC
_dBD-JhCC
041 _aeng
050 0 0 _aT11
_b.T46 1957
082 _bTHO 1957
100 1 _aThomas, Joseph David.
245 1 0 _aComposition for technical students /
_cJoseph David Thomas.
250 _aRev.
260 _aNew York,
_bScribner
_c[c1957]
300 _a460 p.
_billus.
_c22 cm.
650 0 _aTechnical writing.
942 _2ddc
_cBK
999 _c8692
_d8692